| 000 | 00412nam a22001337a 4500 | ||
|---|---|---|---|
| 082 | _aT-238 | ||
| 100 |
_aRafiullah _951468 |
||
| 245 | _aAssessment and development of hospital disaster and emergency management plan for secondary and tertiary healthcare facilities | ||
| 260 |
_aRisalpur, _bMCE, _c2018. |
||
| 300 | _a75p. | ||
| 526 |
_a0 _b0 _c0 _dT_238 |
||
| 700 |
_aDr Naeem Shahzad _934734 |
||
| 942 |
_2ddc _cBK |
||
| 999 |
_c554145 _d554145 |
||